Annual report of the archaeological survey of India 1921 - 22 / (Record no. 2538)
[ view plain ]
| 000 -LEADER | |
|---|---|
| fixed length control field | 00530nam a2200169Ia 4500 |
| 001 - CONTROL NUMBER | |
| control field | 2545 |
| 008 - FIXED-LENGTH DATA ELEMENTS--GENERAL INFORMATION | |
| fixed length control field | 170621s1924 ii a g b000 u 465 u |
| 082 ## - DEWEY DECIMAL CLASSIFICATION NUMBER | |
| Classification number | 930.1905 |
| 100 ## - MAIN ENTRY--PERSONAL NAME | |
| Personal name | Spooner, D. Brainerd . |
| 110 ## - MAIN ENTRY--CORPORATE NAME | |
| Corporate name or jurisdiction name as entry element | Spooner . |
| 245 #0 - TITLE STATEMENT | |
| Title | Annual report of the archaeological survey of India 1921 - 22 / |
| Statement of responsibility, etc. | D. Brainerd Spooner ed. |
| Medium | Reports |
| 250 ## - EDITION STATEMENT | |
| Edition statement | 1st ed / |
| 260 ## - PUBLICATION, DISTRIBUTION, ETC. | |
| Place of publication, distribution, etc. | Simla : |
| Name of publisher, distributor, etc. | Government of India press , |
| Date of publication, distribution, etc. | 1924. |
| 300 ## - PHYSICAL DESCRIPTION | |
| Extent | 240p. : |
| Other physical details | ill ; |
| Dimensions | 32cm . |
| 653 ## - INDEX TERM--UNCONTROLLED | |
| Uncontrolled term | Report - India - archaeological survey |
| 942 ## - ADDED ENTRY ELEMENTS (KOHA) | |
| Source of classification or shelving scheme | Dewey Decimal Classification |
| Koha item type | Books |
| Withdrawn status | Lost status | Damaged status | Not for loan | Home library | Current library | Date acquired | Coded location qualifier | Total checkouts | Full call number | Barcode | Date last seen | Copy number | Price effective from | Koha item type |
|---|---|---|---|---|---|---|---|---|---|---|---|---|---|---|
| Dr. Suryya Kumar Bhuyan Library | Dr. Suryya Kumar Bhuyan Library | 01/02/2012 | 00000 | 930.1905 Sp 61 An | 309/RR | 13/01/2024 | 1 | 01/02/2012 | Books |
